<?xml version="1.0" encoding="UTF-8"?>
<record
    xmlns:xsi="http://www.w3.org/2001/XMLSchema-instance"
    xsi:schemaLocation="http://www.loc.gov/MARC21/slim http://www.loc.gov/standards/marcxml/schema/MARC21slim.xsd"
    xmlns="http://www.loc.gov/MARC21/slim">

  <leader>00663nam a22002057a 4500</leader>
  <datafield tag="999" ind1=" " ind2=" ">
    <subfield code="c">175169</subfield>
    <subfield code="d">175169</subfield>
  </datafield>
  <controlfield tag="005">20210726170028.0</controlfield>
  <datafield tag="010" ind1=" " ind2=" ">
    <subfield code="a">ENG-128344</subfield>
  </datafield>
  <datafield tag="020" ind1=" " ind2=" ">
    <subfield code="c">939.00</subfield>
    <subfield code="a">9789353946142</subfield>
  </datafield>
  <datafield tag="035" ind1=" " ind2=" ">
    <subfield code="a">EN-111876</subfield>
  </datafield>
  <datafield tag="037" ind1=" " ind2=" ">
    <subfield code="b">DBAD/PUB</subfield>
  </datafield>
  <datafield tag="082" ind1=" " ind2=" ">
    <subfield code="a">006.76</subfield>
  </datafield>
  <datafield tag="100" ind1=" " ind2=" ">
    <subfield code="a"> Sebesta , Robert W.</subfield>
  </datafield>
  <datafield tag="245" ind1=" " ind2=" ">
    <subfield code="a">Programming the World Wide Web/</subfield>
    <subfield code="c">by Robert W. Sebesta </subfield>
  </datafield>
  <datafield tag="250" ind1=" " ind2=" ">
    <subfield code="a">8th ed.</subfield>
  </datafield>
  <datafield tag="260" ind1=" " ind2=" ">
    <subfield code="a">New Delhi</subfield>
    <subfield code="b">Pearson</subfield>
    <subfield code="c">2021</subfield>
  </datafield>
  <datafield tag="270" ind1=" " ind2=" ">
    <subfield code="a">15th floor,Tower-B,Word Trade Tower,Plot no.1,Block-C sec 16,</subfield>
    <subfield code="b">Noida</subfield>
    <subfield code="e">201301</subfield>
    <subfield code="k">04466540100</subfield>
    <subfield code="m">companysecretary.india@pearson.com</subfield>
  </datafield>
  <datafield tag="300" ind1=" " ind2=" ">
    <subfield code="a">712p..</subfield>
    <subfield code="c">24cm(pbk)</subfield>
  </datafield>
  <datafield tag="500" ind1=" " ind2=" ">
    <subfield code="a">includes index</subfield>
  </datafield>
  <datafield tag="942" ind1=" " ind2=" ">
    <subfield code="2">ddc</subfield>
    <subfield code="c">EN</subfield>
    <subfield code="h">006.76</subfield>
    <subfield code="m">SEB</subfield>
  </datafield>
  <datafield tag="952" ind1=" " ind2=" ">
    <subfield code="0">0</subfield>
    <subfield code="1">0</subfield>
    <subfield code="4">0</subfield>
    <subfield code="7">0</subfield>
    <subfield code="8">NFIC</subfield>
    <subfield code="a">L</subfield>
    <subfield code="b">L</subfield>
    <subfield code="d">2020-08-11</subfield>
    <subfield code="e">DBAD/PUB</subfield>
    <subfield code="g">939.00</subfield>
    <subfield code="l">7</subfield>
    <subfield code="m">5</subfield>
    <subfield code="o">006.76 SEB</subfield>
    <subfield code="p">EN-111876</subfield>
    <subfield code="r">2023-04-13 00:00:00</subfield>
    <subfield code="s">2023-03-31</subfield>
    <subfield code="t">1</subfield>
    <subfield code="v">939.00</subfield>
    <subfield code="y">EN</subfield>
  </datafield>
</record>
